000 00508nam a2200217Ia 4500
003 OSt
005 20220924133853.0
006 a|||||r|||| 00| 0
007 ta
008 220923b |||||||| |||| 00| 0 snd d
024 _a269373
037 _cTextual
040 _aARTS
_cARTS
_bsnd
041 _2snd
_asnd
082 _aP1593,4, M7
100 _aLekraj
_9206350
245 0 _aSindhi idoms
260 _c1987
942 _hP1593,4, M7
_cTEXL
_2CC
999 _c435536
_d435536